| Tag |
First Indicator |
Second Indicator |
Subfields |
| LEADER |
00000cam a2200000Ia 4500 |
| 001 |
in00002000421 |
| 005 |
20151031130442.0 |
| 008 |
041007s2004 mnu 000 1 eng d |
| 010 |
|
|
|a 2004104191
|
| 020 |
|
|
|a 1555974112 (pbk.) :
|c $15.00
|
| 035 |
|
|
|a (OCoLC)ocm56661230
|
| 040 |
|
|
|a OCO
|c OCO
|d IXA
|d TXA
|d UtOrBLW
|
| 049 |
|
|
|a TXAM
|
| 090 |
|
|
|a PS3555.V34
|b D36 2004
|
| 100 |
1 |
|
|a Everett, Percival.
|
| 245 |
1 |
0 |
|a Damned if I do :
|b stories /
|c Percival Everett.
|
| 246 |
1 |
8 |
|a Damnedifido
|
| 264 |
|
1 |
|a Saint Paul, Minn. :
|b Graywolf Press,
|c [2004]
|
| 264 |
|
4 |
|c ©2004
|
| 300 |
|
|
|a 204 pages ;
|c 22 cm.
|
| 336 |
|
|
|a text
|b txt
|2 rdacontent
|
| 337 |
|
|
|a unmediated
|b n
|2 rdamedia
|
| 338 |
|
|
|a volume
|b nc
|2 rdacarrier
|
| 505 |
0 |
|
|a The fix -- House -- Alluvial deposits -- True romance -- Age would be that does -- The appropriation of cultures -- Warm and nicely buried -- Afraid of the dark -- Epigenesis -- The devolution of nuclear associability -- The last heat of summer -- Randall Randall.
|
| 536 |
|
|
|a A gift from the Texas A&M University Class of '74, 2003-2004.
|
| 994 |
|
|
|a E0
|b TXA
|
| 999 |
|
|
|a MARS
|
| 999 |
f |
f |
|s 3219b925-3201-3a22-82e7-cd8a9ae0c4f4
|i a2ead233-692e-3fc8-b5ed-58929103b980
|t 0
|
| 952 |
f |
f |
|p normal
|a Texas A&M University
|b College Station
|c Sterling C. Evans Library
|d Evans: Library Stacks
|t 0
|e PS3555.V34 D36 2004
|h Library of Congress classification
|i unmediated -- volume
|m A14831589694
|
| 998 |
f |
f |
|a PS3555.V34 D36 2004
|t 0
|l Evans: Library Stacks
|